[Event "Platja d'Aro Barcino"]
[Site "Platja d'Aro"]
[Date "1994.??.??"]
[Round "?"]
[White "Rodriguez Vargas, Orestes"]
[Black "Antunes, Antonio"]
[Result "1/2-1/2"]
[WhiteElo "2440"]
[BlackElo "2510"]

1.d4 d5 2.c4 c6 3.Nf3 Nf6 4.Qc2 g6 5.g3 Bf5 6.Qb3 Qb6 7.Bg2 Bg7 8.Nc3 dxc4
9.Qxc4 O-O 10.O-O Na6 11.Ng5 Rad8 12.Rd1 Qb4 13.b3 Ne8 14.Qxb4 Nxb4 15.Ba3 a5
16.e3 Nd6 17.Rac1 Rfe8 18.Rd2 f6  1/2-1/2

[Event "Polanica Zdroj op"]
[Site "Polanica Zdroj"]
[Date "1994.??.??"]
[Round "?"]
[White "Ponceleusz, Bronislaw"]
[Black "Nizynski, Maciej"]
[Result "0-1"]
[WhiteElo "2180"]
[BlackElo "2285"]

1.d4 d5 2.c4 c6 3.Nf3 Nf6 4.Qc2 g6 5.g3 Bg7 6.Bg2 O-O 7.O-O Bf5 8.Qb3 Qb6
9.Nc3 dxc4 10.Qxc4 Ne4 11.e3 Nd7 12.Rd1 e5 13.Nxe5 Nxe5 14.dxe5 Nxc3 15.Qxc3 Rad8
16.Bd2 Rd3 17.Qc1 Rfd8 18.Bf1 R3d7 19.Be2 Bxe5 20.Bc3 Rxd1+ 21.Bxd1 Bxc3
22.Qxc3 Rd3 23.Qf6 Be6 24.Bf3 Rd2 25.b3 Qa5 26.Kg2 Qc5 27.Rd1 Qd6 28.Rxd2 Bh3+
29.Kxh3 Qxf6 30.Kg2 Qe6 31.h4 a5 32.Rd4 Kg7 33.Ra4 Qe5 34.Rd4 Qc7 35.Rd2 Kf6
36.Rd4 Ke7 37.Kf1 Qb6 38.Be2 Qc5 39.Ke1 Qc3+ 40.Rd2 b5 41.Bd3 Qb4  0-1

[Event "ROM-chT"]
[Site "ROM"]
[Date "1994.??.??"]
[Round "?"]
[White "Musat, Adrian"]
[Black "Bach, Adrian"]
[Result "1-0"]
[WhiteElo "2350"]
[BlackElo "2340"]

1.Nf3 d5 2.d4 c6 3.c4 Nf6 4.Qc2 dxc4 5.Qxc4 Bf5 6.Nc3 e6 7.g3 b5 8.Qb3 b4
9.Na4 Nbd7 10.Bg2 Rc8 11.O-O Be4 12.Be3 Qa5 13.Nd2 Bxg2 14.Kxg2 Ng4 15.Rac1 Nxe3+
16.fxe3 Be7 17.e4 O-O 18.Nf3 c5 19.dxc5 Nxc5 20.Nxc5 Rxc5 21.Rxc5 Qxc5 22.Rd1 a5
23.Rd4 Rc8 24.Qd3 h6 25.b3 Qc3 26.Qa6 Rc5 27.Rd3 Qc2 28.Qa8+ Rc8 29.Rd2 Qc5
30.Qa6 Rc6 31.Qa8+ Rc8 32.Qa6 Bf6 33.Qd3 Rd8 34.Qc2 Qxc2 35.Rxc2 Bc3 36.Kf2 Rd1
37.e3 Kf8 38.Ng1 Ke7 39.Ne2 Rd3 40.Nxc3 Rxc3 41.Rxc3 bxc3 42.Ke2 Kd6 43.Kd3 Ke5
44.Kxc3 Kxe4 45.b4 axb4+ 46.Kxb4 f5 47.a4 g5 48.a5 Kxe3 49.a6 f4 50.gxf4 gxf4
51.a7 f3 52.a8=Q f2 53.Qa6 e5 54.Kc3 e4 55.Qf1 h5 56.Kc2  1-0

[Event "ROM-ch (Women)"]
[Site "ROM"]
[Date "1994.??.??"]
[Round "?"]
[White "Ionescu Ilie, Viorica"]
[Black "Sasu Ducsoara, Andrea"]
[Result "1/2-1/2"]
[WhiteElo "2170"]
[BlackElo "2120"]

1.d4 d5 2.c4 c6 3.Nf3 Nf6 4.Qc2 e6 5.g3 Nbd7 6.Bg2 Be7 7.O-O O-O 8.Nbd2 b6
9.e4 dxe4 10.Nxe4 Bb7 11.Rd1 Qc8 12.Bg5 c5 13.d5 exd5 14.cxd5 h6 15.Bxf6 Nxf6
16.Nc3 Bd6 17.Nh4 a6 18.Nf5 Rd8 19.Na4 Qc7 20.Rac1 Rac8 21.Qc3 b5 22.Nxd6 Qxd6
23.Nxc5 Bxd5 24.Qa5 Qc6 25.Bxd5 Rxd5 26.b4 Rxd1+ 27.Rxd1 Qf3 28.Rd8+ Rxd8
29.Qxd8+ Kh7 30.Qd3+ Qxd3 31.Nxd3 Nd5 32.a3 Kg6 33.Nc5 Nc7 34.f4 Kf5 35.Kf2 Kg4
36.Kg2 h5 37.h3+ Kf5 38.Kf3 g5 39.g4+ hxg4+ 40.hxg4+ Kf6 41.Ne4+ Kg6 42.Nxg5 Nd5
43.Ne4 f5 44.Nc5 fxg4+ 45.Kxg4 Ne3+ 46.Kf3 Nc2 47.Ke4 Nxa3 48.Nxa6 Nc2 49.Ke5 Kf7
50.Kf5 Ne3+ 51.Ke4 Nc2 52.Kd3 Na3 53.Nc7 Kf6 54.Kc3 Kf5 55.Kb3 Nc4 56.Nxb5 Nb6
57.Nc3 Kxf4 58.Na4 Nd5 59.b5 Ke5 60.Kc4 Kd6 61.Kd4 Nc7 62.b6 Kc6  1/2-1/2

[Event "ROM-ch (Women)"]
[Site "ROM"]
[Date "1994.??.??"]
[Round "?"]
[White "Ionescu Ilie, Viorica"]
[Black "Ionescu Brandis, Irina"]
[Result "1/2-1/2"]
[WhiteElo "2170"]
[BlackElo "2200"]

1.d4 d5 2.c4 c6 3.Nf3 Nf6 4.Qc2 g6 5.g3 Bg7 6.Bg2 O-O 7.O-O Bf5 8.Qb3 Qb6
9.Nbd2 dxc4 10.Qxc4 Nbd7 11.Re1 Ne4 12.e3 c5 13.Nh4 Nxd2 14.Bxd2 cxd4 15.Nxf5 gxf5
16.exd4 e6 17.Be3 Rac8 18.Qa4 Rfd8 19.Rac1 Nf6 20.d5 Rxc1 21.Rxc1 Qxb2 22.Qa5 b6
23.Qxa7 Nxd5 24.Bxd5 exd5 25.Qxb6 Qxb6 26.Bxb6 Rb8 27.Rc6 Bc3 28.Rd6 Kg7
29.a4 Ra8 30.Rxd5 Rxa4 31.Rxf5 Kg6 32.Rb5 Bd4 33.Bxd4 Rxd4 34.Kg2 Rd3 35.Rb7 Ra3
36.Re7 Kf6 37.Re3 Ra2 38.h3 Kg6 39.Kf3 Rb2 40.Re2 Rb3+ 41.Kg4 Rb4+ 42.f4 Ra4
43.Rf2 Ra3 44.Kh4 Rb3 45.g4 h6 46.Ra2 Rb6 47.f5+ Kg7 48.Kh5 Rc6 49.h4 Rb6
50.Ra7 Rc6 51.g5 hxg5 52.hxg5 Kg8 53.f6 Rc1 54.Ra8+ Kh7 55.Rf8 Rc7 56.Kg4 Rb7
57.Kf4 Ra7 58.Ke4 Ra4+ 59.Ke5 Ra5+ 60.Kd6 Rxg5 61.Ke7 Ra5 62.Rxf7+ Kh8 63.Rg7 Ra7+
64.Kf8 Ra8+ 65.Kf7 Rf8+  1/2-1/2

[Event "Romania (Women)"]
[Site "Romania"]
[Date "1994.??.??"]
[Round "?"]
[White "Olarasu, Gabriela"]
[Black "Muresan, Margareta"]
[Result "0-1"]
[WhiteElo "2250"]
[BlackElo "2215"]

1.d4 d5 2.c4 dxc4 3.Nf3 c6 4.a4 Nf6 5.e3 Bf5 6.Bxc4 e6 7.O-O a5 8.Nc3 Bb4
9.Qe2 O-O 10.e4 Bg4 11.Rd1 Nbd7 12.h3 Bh5 13.g4 Bg6 14.Ne5 Nb6 15.Bd3 Qxd4
16.Nxg6 hxg6 17.Ba6 Qe5 18.Bxb7 Rab8 19.Bxc6 Rfc8 20.Bb5 Bxc3 21.bxc3 Qxc3
22.Be3 Qe5 23.Bd3 g5 24.Kg2 Nc4 25.Bxc4 Qxe4+ 26.f3 Qxc4 27.Rd8+ Kh7 28.Qxc4 Rb2+
29.Rd2 Rxd2+ 30.Bxd2 Rxc4 31.Bxa5 Nd5 32.Ra2 Kg6 33.Bd2 Rc6 34.a5 Ra6 35.Kf2 f5
36.Ke2 Nf4+ 37.Bxf4 gxf4 38.Kd3 Kg5 39.Kc4 Kh4 40.gxf5 exf5 41.Kb5 Ra8 42.Rg2 g5
43.Rg1 Rg8 44.a6 Kxh3 45.a7 g4 46.Kc6 Ra8 47.Ra1 gxf3 48.Kd5 f2  0-1

[Event "Sala op"]
[Site "Sala"]
[Date "1994.??.??"]
[Round "4"]
[White "Konopka, Michal"]
[Black "Zapolskis, Antanas"]
[Result "0-1"]
[WhiteElo "2455"]
[BlackElo "2385"]

1.Nf3 Nf6 2.c4 c6 3.d4 d5 4.Qb3 dxc4 5.Qxc4 Be6 6.Qc2 Na6 7.Nc3 Nb4 8.Qb1 Bc4
9.g3 e6 10.Bg2 c5 11.O-O cxd4 12.Rd1 d3 13.Ne5 Ba6 14.a3 Nc2 15.Ra2 Nd4 16.Nxd3 Rc8
17.e3 Nb3 18.Qc2 Qb6 19.a4 Bc4 20.Ne5 Ba6 21.a5 Qb4 22.Nd3 Qc4 23.Ne5 Qb5
24.Nxb5 Rxc2 25.Bc6+ bxc6 26.Nc7+ Ke7 27.Nxa6 Rxc1 28.Rxc1 Nxc1 29.Ra1 Nb3
30.Ra3 Nd2 31.Rd3 Nfe4 32.f3 Nxf3+ 33.Nxf3 f6 34.Nb4 Kf7 35.Nxc6 Bc5 36.b4 Rc8
37.Nd8+ Ke7 38.bxc5 Nxc5 39.Rc3 Kxd8 40.Nd4 Kd7 41.Kg2 e5 42.Nb3 Ne6 43.Rxc8 Kxc8
44.Kf3 Ng5+ 45.Kg4 g6 46.Kh4 Kc7 47.g4 Ne4 48.Kh3 Kc6 49.Kg2 Nc5 50.Nd2 Kb5
51.g5 fxg5 52.Nf3 Kxa5 53.Nxe5 Kb5 54.Nf3 a5 55.Nd4+ Kc4  0-1

[Event "San Sebastian op"]
[Site "San Sebastian"]
[Date "1994.??.??"]
[Round "7"]
[White "Kurajica, Bojan"]
[Black "Alvarez Ibarra, D Rafael"]
[Result "1-0"]
[WhiteElo "2565"]
[BlackElo "2435"]

1.d4 d5 2.Nf3 Nf6 3.c4 c6 4.Qb3 Qb6 5.Nc3 Na6 6.Qd1 Bf5 7.a3 dxc4 8.e3 Bd3
9.Bxd3 cxd3 10.Qxd3 e6 11.e4 Nc7 12.O-O Qa6 13.Qc2 h6 14.Bf4 Rc8 15.b4 Nb5
16.Nxb5 Qxb5 17.d5 Be7 18.dxe6 Qh5 19.Ne5 fxe6 20.Qc4 Rd8 21.Qxe6 Rf8 22.f3 Nd5
23.exd5 Rxf4 24.Ng6 Rf7 25.Rfe1  1-0

[Event "Schwaebisch Gmuend op"]
[Site "Schwaebisch Gmuend"]
[Date "1994.??.??"]
[Round "6"]
[White "Donchenko, Anatoly G"]
[Black "Sinz, Bernhard"]
[Result "1-0"]
[WhiteElo "2405"]
[BlackElo "2130"]

1.Nf3 d5 2.d4 Nf6 3.c4 c6 4.Qc2 Bg4 5.Ne5 e6 6.Nxg4 Nxg4 7.e3 f5 8.f3 Nf6
9.Nc3 g6 10.Bd2 Bg7 11.O-O-O O-O 12.h3 a6 13.g4 b5 14.c5 Nbd7 15.Bd3 Ne8
16.h4 fxg4 17.fxg4 e5 18.h5 b4 19.Na4 e4 20.Be2 a5 21.hxg6 hxg6 22.Be1 g5
23.Bg3 Qf6 24.Rh3 Qg6 25.Rdh1 Nef6 26.Bd6 Rfe8 27.Kd2 Kf7 28.Nb6 Ra7 29.Qa4 Rd8
30.Qxc6 Kg8 31.Nxd5 Kf7 32.Ne7  1-0

[Event "SCO-ch"]
[Site "SCO"]
[Date "1994.??.??"]
[Round "?"]
[White "Parker, Jonathan"]
[Black "Beaton, Kenneth S"]
[Result "1/2-1/2"]
[WhiteElo "2390"]
[BlackElo "2115"]

1.d4 d5 2.c4 c6 3.Nf3 Nf6 4.Qb3 dxc4 5.Qxc4 b5 6.Qc2 Bb7 7.e4 e6 8.Bg5 Be7
9.Nbd2 h6 10.Bxf6 Bxf6 11.Rd1 O-O 12.h4 g6 13.h5 g5 14.e5 Be7 15.Qe4 Kg7
16.Bd3 Rh8 17.O-O Na6 18.Qg4 Nb4 19.Bb1 Qb6 20.Ne4 Nd5 21.Rc1 Kf8 22.Nc5 Rd8
23.g3 Bc8 24.Qe4 b4 25.Rfd1 a5 26.Bd3 Bb7 27.Bf1 Bc8 28.Rd2 Kg7 29.Ne1 Kf8
30.Rdc2 Qa7 31.Ned3 Qa8 32.Kh2 Qa7 33.Bh3 Ke8 34.Na4 Bd7 35.Nac5 Bc8 36.Na4 Bd7  1/2-1/2

[Event "Sitges op"]
[Site "Sitges"]
[Date "1994.??.??"]
[Round "7"]
[White "Marin, Mihail"]
[Black "Kuijf, Marinus"]
[Result "1/2-1/2"]
[WhiteElo "2520"]
[BlackElo "2425"]

1.d4 d5 2.Nf3 Nf6 3.c4 c6 4.Qc2 dxc4 5.Qxc4 Bf5 6.g3 e6 7.Bg2 h6 8.O-O Nbd7
9.Nc3 Be7 10.e3 O-O 11.Qe2 Ne4 12.Nd2 Nxd2 13.Bxd2 e5 14.d5 Nf6 15.e4 Bg4
16.f3 Bd7 17.Be3 Qa5 18.dxc6 Bxc6  1/2-1/2

[Event "SLO-chT"]
[Site "?"]
[Date "1994.??.??"]
[Round "?"]
[White "Podvrsnik, Marko"]
[Black "Drinovec, Ales"]
[Result "0-1"]
[WhiteElo "2215"]
[BlackElo "2240"]

1.d4 d5 2.c4 c6 3.Nf3 Nf6 4.Qc2 e6 5.Nbd2 Nbd7 6.g3 Be7 7.Bg2 O-O 8.O-O b6
9.e4 dxe4 10.Nxe4 Nxe4 11.Qxe4 Bb7 12.Rd1 Nf6 13.Qe2 Qc7 14.Bf4 Bd6 15.Ne5 Rfd8
16.Qf3 Rac8 17.Rac1 Qe7 18.Bg5 h6 19.Bd2 Ba8 20.Qe2 Nd7 21.Nd3 c5 22.Bxa8 Rxa8
23.dxc5 Nxc5 24.Bc3 Nxd3 25.Rxd3 Bb4 26.Bxb4 Qxb4 27.Rcd1 Rxd3 28.Rxd3 Rc8
29.b3 Qe7 30.Qd2 a5 31.Rd6 Qc7 32.Qd4 Rb8 33.f3 Qb7 34.Kf2 Qc7 35.Ke2 Qb7
36.a4 Qc7 37.h4 Qb7 38.h5 Qc7 39.g4 Qb7 40.Ke3 Qc7 41.Kd3 Qb7 42.Qe4 Qe7
43.Qd4 Qb7 44.Ke2 Qc7 45.Qe5 Rc8 46.Kf2 Kf8 47.f4 Ke7 48.Rd4 Qxe5 49.fxe5 f6
50.exf6+ gxf6 51.Kf3 Rd8 52.Ke3 Rxd4 53.Kxd4 Kd6 54.Ke4 Kc5 55.Kd3 Kb4 56.Kc2 e5
57.Kb2 e4 58.Kc2 e3 59.Kd3 Kxb3 60.Kxe3 Kxa4 61.Kf4 Kb4 62.Kf5 a4 63.Kxf6 a3
64.Kg6 a2 65.Kxh6 a1=Q 66.g5 Qh8+ 67.Kg6 Kxc4 68.h6 b5  0-1

[Event "St Petersburg"]
[Site "St Petersburg"]
[Date "1994.??.??"]
[Round "?"]
[White "Peregudov, Nickolai"]
[Black "Asanov, Bolat"]
[Result "0-1"]
[WhiteElo "2470"]
[BlackElo "2360"]

1.d4 d5 2.Nf3 Nf6 3.c4 c6 4.Qc2 dxc4 5.Qxc4 Bf5 6.g3 e6 7.Nc3 Nbd7 8.Bg2 Be7
9.O-O O-O 10.Rd1 Bc2  0-1

[Event "SVK-chT"]
[Site "?"]
[Date "1994.??.??"]
[Round "?"]
[White "Najgebauer, Szemjon"]
[Black "Hruskovic, M."]
[Result "1/2-1/2"]
[WhiteElo "2100"]
[BlackElo "2110"]

1.Nf3 d5 2.d4 Nf6 3.c4 c6 4.g3 Bf5 5.Bg2 e6 6.O-O Nbd7 7.Nc3 Bd6 8.b3 h6
9.Bb2 O-O 10.Nd2 h5 11.e4 dxe4 12.Ndxe4 Bc7 13.Re1 h4 14.Ba3 Nxe4 15.Nxe4 Re8
16.Nd6 Bxd6 17.Bxd6 Nf6 18.Bf4 Qb6 19.Be3 Ng4  1/2-1/2

[Event "SVK-chT"]
[Site "?"]
[Date "1994.??.??"]
[Round "?"]
[White "Tibensky, Robert"]
[Black "Horvath, Mario"]
[Result "1/2-1/2"]
[WhiteElo "2425"]
[BlackElo "2215"]

1.d4 d5 2.c4 c6 3.Nf3 Nf6 4.Qc2 g6 5.Bf4 Bf5 6.Qb3 Qb6 7.c5 Qxb3 8.axb3 Bxb1
9.Rxb1 Nbd7 10.h3 Bg7 11.e3 O-O 12.b4 a6 13.Bd3 Rfe8 14.g4 Nf8 15.Be5 N6d7
16.Bxg7 Kxg7 17.Kd2  1/2-1/2

[Event "SVK-chT"]
[Site "?"]
[Date "1994.??.??"]
[Round "11"]
[White "Szymczak, Zbigniew"]
[Black "Bartek, Ladislav"]
[Result "1-0"]
[WhiteElo "2350"]
[BlackElo "2200"]

1.d4 d5 2.c4 c6 3.Nf3 Nf6 4.Qc2 g6 5.Bf4 Bg7 6.e3 O-O 7.Nc3 a6 8.h3 b5 9.c5 Nbd7
10.Be2 Ne8 11.O-O Nc7 12.b4 a5 13.bxa5 Rxa5 14.a4 bxa4 15.Rxa4 Rxa4 16.Nxa4 Re8
17.Rb1 e5 18.dxe5 Nxe5 19.Nd4 Bd7 20.Rb7 Ne6 21.Nb6 Nxd4 22.exd4 Bf5 23.Qa4 Nd7
24.Qxc6 Nxb6 25.Rxb6 Bd7 26.Qxd5 Be6 27.Qxd8 Rxd8 28.Bg5 Re8 29.Be3  1-0

[Event "Szekszard op"]
[Site "Szekszard"]
[Date "1994.??.??"]
[Round "9"]
[White "Horvath, Jozsef"]
[Black "Videki, Sandor"]
[Result "1/2-1/2"]
[WhiteElo "2520"]
[BlackElo "2435"]

1.d4 d5 2.c4 c6 3.Nf3 Nf6 4.Qc2 dxc4 5.Qxc4 Bf5 6.Nc3 Nbd7 7.g3 e6 8.Bg2 Be7
9.O-O O-O 10.e3 Ne4 11.Qe2 Nxc3 12.bxc3 Be4 13.Rd1 c5 14.c4 Bf6 15.Bb2 Qb6
16.Ne5 Bxe5 17.Bxe4 Bd6 18.Rab1 Qc7 19.Qd3 Nf6 20.Bxb7 Qxb7 21.dxc5 Bxc5
22.Bxf6 Qa6 23.Bc3 Rfc8 24.Rb5 Bf8 25.Qd7 Rxc4 26.Be5 Qc6 27.Qxc6 Rxc6 28.Rb7 f6
29.Bc7 Ra6 30.Bb8 Rb6 31.Rb1 Rxb1+ 32.Rxb1 a5 33.Rb6 a4 34.Kf1 Ra5 35.Rxe6 Rb5
36.Ba7 Rb2 37.a3 Rb3 38.Re8 Kf7 39.Ra8 Bxa3 40.Bd4 Rb4  1/2-1/2

[Event "ISR-ch"]
[Site "Tel Aviv"]
[Date "1994.??.??"]
[Round "1"]
[White "Gofshtein, Leonid D"]
[Black "Kundin, Alexander"]
[Result "1-0"]
[WhiteElo "2495"]
[BlackElo "2295"]

1.d4 d5 2.c4 c6 3.Nf3 Nf6 4.Qc2 a6 5.Bf4 e6 6.e3 Bd6 7.Bg3 O-O 8.Nbd2 Bxg3
9.hxg3 Nbd7 10.g4 g6 11.g5 Ne8 12.e4 f5 13.gxf6 dxe4 14.Nxe4 Nexf6 15.Bd3 Nxe4
16.Bxe4 Qf6 17.c5 e5 18.d5 Nb8 19.Qb3 Kg7 20.O-O-O Qf4+ 21.Rd2 cxd5 22.Rh4 Qf6
23.Rxd5 Nc6 24.Qe3 Kh8 25.Rd6 Qe7 26.Ng5  1-0

[Event "Tilburg rapid20"]
[Site "Tilburg"]
[Date "1994.??.??"]
[Round "1"]
[White "Drasko, Milan"]
[Black "Khenkin, Igor"]
[Result "0-1"]
[WhiteElo "2520"]
[BlackElo "2580"]

1.d4 d5 2.c4 c6 3.Nf3 Nf6 4.Qc2 dxc4 5.Qxc4 Bf5 6.Nc3 e6 7.g3 Nbd7 8.Bg2 Be7
9.O-O O-O 10.e3 Ne4 11.Qe2 Bb4 12.Bd2 Nxd2 13.Nxd2 e5 14.Nb3 exd4 15.Nxd4 Bg6
16.Rac1 Qe7 17.a3 Bc5 18.Rfd1 Rad8 19.b4 Bxd4 20.Rxd4 a5 21.Rcd1 Nf6 22.Qd2 Ra8
23.h3 Bf5 24.e4 Be6 25.e5 Ne8 26.Ne4 Bb3 27.Re1 Bd5 28.Nc5 Nc7 29.Nxb7 Nb5
30.Rxd5 cxd5 31.Bxd5  0-1

[Event "Timisoara"]
[Site "Timisoara"]
[Date "1994.??.??"]
[Round "8"]
[White "Dumitrache, Dragos"]
[Black "Somlai, Laszlo"]
[Result "1/2-1/2"]
[WhiteElo "2475"]
[BlackElo "2375"]

1.d4 d5 2.Nf3 Nf6 3.c4 c6 4.Qb3 dxc4 5.Qxc4 Bf5 6.g3 e6 7.Bg2 Be7 8.O-O O-O
9.e3 Nbd7 10.Nc3 Ne4 11.Nd2 Nxd2 12.Bxd2 e5 13.e4 exd4 14.Qxd4 Be6 15.Be3 Bc5
16.Qd2 Bxe3 17.Qxe3 Qb6 18.Rfe1 Rad8 19.b3 Ne5 20.f4 Nd3 21.Re2 Bg4 22.Qxb6 axb6
23.Rd2 Nb4 24.Rxd8 Rxd8 25.h3 Bc8 26.Na4 b5 27.Nb6 Kf8 28.f5 f6 29.a4 Nc2
30.Ra2 Nb4 31.Rb2 Ke7 32.axb5 cxb5 33.Bf1 Bd7 34.Nxd7 Rxd7 35.Bxb5 Rd4 36.Re2 Rd1+
37.Kf2 Rc1 38.e5 Rc5 39.exf6+ Kxf6 40.Bd7 Nd3+ 41.Kg2 Rc2 42.Rxc2 Ne1+ 43.Kf2 Nxc2
44.Be6 Nd4 45.Bg8 h5 46.g4 hxg4 47.hxg4 Kg5 48.Ke3 Nc6 49.Ke4 Kxg4 50.Bd5 Kg5
51.Bxc6 bxc6 52.b4 Kf6 53.Kf4 Ke7 54.Ke5 Kd7 55.Ke4 Ke7  1/2-1/2

[Event "JUG-ch"]
[Site "Tivat"]
[Date "1994.??.??"]
[Round "13"]
[White "Abramovic, Bosko"]
[Black "Ivanovic, Bozidar"]
[Result "0-1"]
[WhiteElo "2500"]
[BlackElo "2480"]

1.d4 d5 2.Nf3 Nf6 3.c4 c6 4.Qc2 g6 5.Bf4 Bg7 6.e3 O-O 7.Nc3 Na6 8.cxd5 Nb4
9.Qd2 Nbxd5 10.Be5 Qa5 11.Bc4 Nb6 12.Bb3 c5 13.O-O cxd4 14.exd4 Qb4 15.Qe2 a5
16.Nd2 Nbd7 17.Rac1 Bh6 18.Rfd1 Nxe5 19.dxe5 Nh5 20.e6 Bxe6 21.Bxe6 fxe6
22.Qxe6+ Kh8 23.Rc2 Rad8 24.Nf3 Qxc3 25.bxc3 Rxd1+ 26.Ne1 Nf4 27.Qxe7 Rdd8
28.f3 Rfe8 29.Qh4 Rd1 30.Qxh6 Nd3 31.h4 Rdxe1+ 32.Kh2 R1e5 33.Qd2 Re3 34.Rb2 Nxb2
35.Qxb2 R8e7 36.Qb6 R3e5 37.Qd8+ Kg7 38.Qd4 Kf7 39.Qc4+ R5e6 40.Qd5 b6 41.a4 Rc7
42.Qd4 Rec6 43.Qd5+ Ke7 44.Qe5+ Kd7 45.Qg7+ Kc8 46.Qf8+ Kb7 47.Qe8 Rxc3 48.h5 gxh5
49.Qxh5 R3c4 50.Qe8 Ka7 51.g3 Rg7 52.Kh3 Rc5 53.Qf8 Rh5+ 54.Kg2 Rhg5 55.g4 h5
56.Kg3 R5g6 57.Kg2 hxg4 58.f4 Rc7 59.f5 Rgg7 60.f6 Rgf7 61.Qd6 Rc8 62.Kg3 Rcf8
63.Kxg4 Rxf6 64.Qd7+ Kb8 65.Qg7 R8f7 66.Qg5 Rf1 67.Qe5+ Ka7 68.Kg3 Rg1+ 69.Kh2 Rg4
70.Qh5 Rfg7  0-1

[Event "USA-ch (Women)"]
[Site "?"]
[Date "1994.??.??"]
[Round "5"]
[White "Akhmilovskaya, Elena"]
[Black "Dimitrijevic, Vesna"]
[Result "1-0"]
[WhiteElo "2410"]
[BlackElo "2090"]

1.d4 d5 2.Nf3 Nf6 3.c4 c6 4.Qc2 e6 5.g3 Nbd7 6.Bg2 Be7 7.O-O O-O 8.Nbd2 a5
9.e4 dxc4 10.Nxc4 c5 11.Rd1 b5 12.Ne3 Qb6 13.d5 Bb7 14.a4 bxa4 15.Nc4 Qa7
16.Ng5 h6 17.dxe6 hxg5 18.exd7 Nh7 19.Be3 Bc6 20.Ne5 Bb5 21.Bf1 Bxf1 22.Nc6 Bh3
23.Nxa7 Rxa7 24.Bxc5 Bxd7  1-0

[Event "Werfen op"]
[Site "Werfen"]
[Date "1994.??.??"]
[Round "?"]
[White "Usachyi, Mark"]
[Black "Braun, Christian"]
[Result "1/2-1/2"]
[WhiteElo "2315"]
[BlackElo "2180"]

1.Nf3 d5 2.d4 c6 3.c4 dxc4 4.a4 e6 5.e3 b5 6.b3 b4 7.Bxc4 Nf6 8.O-O Nbd7
9.Qe2 Be7 10.e4 Bb7 11.Rd1 O-O 12.Bf4 Re8 13.Nbd2 c5 14.Ng5 g6 15.Nxf7 Kxf7
16.Bxe6+ Kg7 17.d5 Nf8 18.Bh3 Bd6 19.Qf3 Ba6 20.g3 Qc7 21.Rac1 N8d7  1/2-1/2

[Event "Zalakaros op"]
[Site "Zalakaros"]
[Date "1994.??.??"]
[Round "1"]
[White "Gyorkos, Lajos"]
[Black "Szep, Attila"]
[Result "1-0"]
[WhiteElo "2395"]
[BlackElo "2035"]

1.Nf3 d5 2.d4 Nf6 3.c4 c6 4.Qc2 g6 5.Bf4 Bg7 6.e3 Bf5 7.Qb3 Qb6 8.c5 Qxb3
9.axb3 Nbd7 10.h3 h5 11.Nc3 O-O 12.Be2 b6 13.b4 b5 14.O-O Nh7 15.Ra6 e5 16.dxe5 Nb8
17.Ra5 Re8 18.Rfa1 a6 19.Nd4 Bxe5 20.Nxf5 gxf5 21.Bxe5 Rxe5 22.Bd3 Nf6 23.Ne2 Ra7
24.Nd4 Ne4 25.h4 f6 26.Rd1 Rg7 27.f4 Re8 28.Nxf5 Ra7 29.Be2 Rh7 30.Bf3 Kh8
31.Rd4 Rd7 32.Ra1 Ra7 33.Bxh5 Rg8 34.Bf3 Ng3 35.Nxg3 Rxg3 36.Kf2 Rg8 37.e4 dxe4
38.Bxe4 Re7 39.Bf3  1-0

[Event "Zalakaros op"]
[Site "Zalakaros"]
[Date "1994.??.??"]
[Round "2"]
[White "Kustar, Sandor"]
[Black "Loginov, Valery A"]
[Result "1-0"]
[WhiteElo "2360"]
[BlackElo "2540"]

1.Nf3 d5 2.d4 c6 3.c4 dxc4 4.e3 b5 5.a4 e6 6.b3 Bb4+ 7.Bd2 Bxd2+ 8.Nfxd2 a5
9.bxc4 b4 10.c5 Nf6 11.Nc4 O-O 12.Nbd2 Ba6 13.Nd6 Bxf1 14.Kxf1 Nbd7 15.N2c4 Nd5
16.Qd3 Qe7 17.e4 Nc3 18.h4 e5 19.Rh3 Qf6 20.Rf3 Qxh4 21.Rh3 Qf6 22.Kg1 exd4
23.e5 Qg6 24.Nf5 Kh8 25.Re1 Nxc5 26.Qf3 d3 27.Ncd6 Ne2+ 28.Rxe2 dxe2 29.Qxe2 Qg5
30.f4 Qxf4 31.Rxh7+ Kxh7 32.Qh5+ Qh6 33.Nxh6 gxh6 34.Nf5  1-0

[Event "Zuerich op"]
[Site "Zuerich"]
[Date "1994.??.??"]
[Round "?"]
[White "Wirthensohn, Heinz"]
[Black "Maeser, Fabian"]
[Result "0-1"]
[WhiteElo "2420"]
[BlackElo "2295"]

1.d4 d5 2.Nf3 Nf6 3.c4 c6 4.Qb3 e6 5.g3 Bd6 6.Bg2 O-O 7.O-O Ne4 8.Ne5 b5
9.cxb5 cxb5 10.Nc3 Nxc3 11.bxc3 Nd7 12.f4 Qa5 13.Bd2 Nb6 14.Rfb1 a6 15.Qc2 Qa4
16.Rb3 Ra7 17.e4 Rc7 18.Qd1 Bb7 19.Nd3 Qc4 20.Nb2 Qc6 21.e5 Be7 22.Bf1 Nc4
23.a4 f6 24.axb5 axb5 25.Nd3 Qb6 26.Rab1 Bc6 27.exf6 gxf6 28.Nb4 Bb7 29.Nc2 Bc6
30.Ne3 Qa6 31.Ra1 Qc8 32.Bd3 Kh8 33.Nc2 e5 34.fxe5 fxe5 35.dxe5 Nxe5 36.Be2 Bc5+
37.Be3 d4 38.Bxd4 Qh3  0-1

[Event "Ankara zt"]
[Site "Ankara"]
[Date "1995.??.??"]
[Round "6"]
[White "Lputian, Smbat G"]
[Black "Supatashvili, Khvicha"]
[Result "1/2-1/2"]
[WhiteElo "2630"]
[BlackElo "2450"]

1.d4 d5 2.c4 c6 3.Nf3 Nf6 4.Qb3 dxc4 5.Qxc4 Bf5 6.g3 e6 7.Nc3 Nbd7 8.Bg2 Be7
9.O-O O-O 10.e3 Ne4 11.Nd2 Nxd2 12.Bxd2 e5 13.e4 exd4 14.exf5 dxc3 15.Bxc3 Bf6
16.Rad1 Qc7 17.Bxf6 Nxf6 18.g4 h6 19.Bf3 Rad8 20.h4 Qe5 21.Kg2 Qxb2 22.g5 Nd5
23.Bxd5 Rxd5 24.Rxd5 cxd5 25.Qxd5 Qe2 26.Qf3 Qxa2  1/2-1/2

[Event "Antwerp op"]
[Site "Antwerp"]
[Date "1995.??.??"]
[Round "3"]
[White "Gurevich, Mikhail"]
[Black "Kundin, Alexander"]
[Result "1-0"]
[WhiteElo "2585"]
[BlackElo "2220"]

1.d4 d5 2.c4 c6 3.Nf3 Nf6 4.Qc2 e6 5.Bg5 Be7 6.e3 O-O 7.Nc3 Nbd7 8.Rd1 dxc4
9.Bxc4 Nd5 10.Bxe7 Qxe7 11.O-O Nxc3 12.Qxc3 b6 13.e4 Bb7 14.Rfe1 c5 15.d5 exd5
16.exd5 Qd6 17.Qe3 Rfe8 18.Qe7 Qf6 19.Bb5 Bc8 20.Ng5 a6 21.Bc6 Ra7 22.d6 h6
23.Nxf7 Rf8 24.Bd5 Kh7 25.Rd3 Qxb2 26.Be4+  1-0

[Event "Antwerp op"]
[Site "Antwerp"]
[Date "1995.??.??"]
[Round "8"]
[White "Van Wely, Loek"]
[Black "Sokolov, Ivan"]
[Result "1/2-1/2"]
[WhiteElo "2585"]
[BlackElo "2630"]

1.d4 d5 2.c4 c6 3.Nf3 dxc4 4.e3 b5 5.a4 e6 6.b3 Bb4+ 7.Bd2 Bxd2+ 8.Nfxd2 cxb3
9.axb5 b2 10.Ra2 Ne7 11.Rxb2 O-O 12.Nc3 Bb7 13.Nce4 Nd7 14.Nd6 Rb8 15.Bd3 Ba8
16.O-O Nf6 17.N6e4 Nxe4 18.Bxe4 Rxb5 19.Ra2 c5 20.dxc5  1/2-1/2

[Event "Donau op"]
[Site "Aschach"]
[Date "1995.??.??"]
[Round "5"]
[White "Konopka, Michal"]
[Black "Waldmann, Gerald"]
[Result "1-0"]
[WhiteElo "2420"]
[BlackElo "2175"]

1.Nf3 d5 2.d4 Nf6 3.c4 c6 4.Qb3 dxc4 5.Qxc4 Bf5 6.g3 e6 7.Bg2 Bd6 8.Nc3 Nbd7
9.O-O O-O 10.Bg5 Qa5 11.Qb3 Rab8 12.Nd2 Bc2 13.Qxc2 Qxg5 14.e4 Bc7 15.e5 Nd5
16.Nxd5 exd5 17.f4 Qh6 18.b4 a5 19.a3 axb4 20.axb4 Bb6 21.Nb3 Qe6 22.Nc5 Bxc5
23.bxc5 f5 24.Rfb1 b5 25.Ra7 Rf7 26.Rba1 Nf8 27.R1a6 Rfb7 28.Qa2 b4 29.Qb3 Rxa7
30.Rxa7 Qc8 31.Kf2 Ne6 32.Ke3 Rb7 33.Ra6 Nd8 34.Rb6 Rxb6 35.cxb6 Qa6 36.Qxb4 g6
37.e6 Nxe6 38.b7  1-0

[Event "AUT-chT2O 9596"]
[Site "AUT"]
[Date "1995.??.??"]
[Round "4"]
[White "Portisch, Ferenc"]
[Black "Eisterer, Heinrich"]
[Result "1-0"]
[WhiteElo "2400"]
[BlackElo "2340"]

1.d4 d5 2.c4 c6 3.Nf3 Nf6 4.g3 Bf5 5.Nc3 e6 6.Bg2 Nbd7 7.b3 Be7 8.O-O O-O
9.Bb2 Ne4 10.Nd2 Nxc3 11.Bxc3 Bg4 12.Qe1 f5 13.f3 Bh5 14.e4 Bf7 15.e5 b5
16.f4 a5 17.Qe2 b4 18.Bb2 a4 19.c5 g5 20.fxg5 Bxg5 21.Qe1 axb3 22.axb3 Rxa1
23.Bxa1 Qa5 24.Nf3 Bh6 25.Bb2 Ra8 26.Bc1 Bxc1 27.Qxc1 Nf8 28.Qg5+ Ng6 29.h4 Qd8
30.Qxd8+ Rxd8 31.Ra1 h6 32.Ra7 Kf8 33.Ne1 Ne7 34.Bf3 f4 35.g4 Bg6 36.Ng2 Bc2
37.Nxf4 Rb8 38.g5 Bxb3 39.g6 Bc2 40.Nxe6+ Ke8 41.Nc7+ Kf8 42.Na6 Rb5 43.g7+ Kxg7
44.Rxe7+ Kf8 45.Ra7 b3 46.e6 Bg6 47.e7+ Kg8 48.Bg4 b2 49.Be6+ Kh8 50.Bf5 b1=Q+
51.Bxb1 Rxb1+ 52.Kf2 Ra1 53.Kf3 Kg8 54.Kf4 Re1 55.Rc7 Re4+ 56.Kg3 Re6 57.Nb8 Be8
58.Nd7 Bxd7 59.Rxd7 Kf7 60.Rc7 Re4 61.Rxc6 Kxe7 62.Rxh6 Rxd4 63.Rd6 Rd3+
64.Kf4 d4 65.Ke4 Rh3 66.Kxd4 Rxh4+ 67.Kd5  1-0

[Event "Balatonbereny-B"]
[Site "Balatonbereny"]
[Date "1995.??.??"]
[Round "10"]
[White "Orso, Miklos"]
[Black "Thallinger, Harald"]
[Result "1-0"]
[WhiteElo "2400"]
[BlackElo "2280"]

1.d4 d5 2.Nf3 Nf6 3.c4 c6 4.Qc2 e6 5.g3 Nbd7 6.Bg2 a6 7.O-O b5 8.b3 Bb7 9.c5 Be7
10.Nbd2 O-O 11.Bb2 Qb8 12.b4 Re8 13.Nb3 Bd8 14.Nc1 a5 15.a3 axb4 16.axb4 Rxa1
17.Bxa1 Bc7 18.Nd3 Qa7 19.Bc3 Ra8 20.Nd2 Qb8 21.Qb2 Ra4 22.e3 Qa8 23.Bf3 Ra2
24.Qb1 Ra3 25.Bb2 Ra7 26.Bd1 Qb8 27.f4 Ne8 28.Ne5 Nf8 29.g4 Qd8 30.Ndf3 f6
31.Nd3 Bc8 32.h3 Bb8 33.Bc2 g6 34.Qe1 f5 35.Nde5 Bxe5 36.dxe5 Qe7 37.Bb3 Ng7
38.Qg3 Kf7 39.Rf2 Ke8 40.Rg2 Kd8 41.Nd4 Bd7 42.Kf1 Be8 43.Ke1 Kc8 44.Kd2 Kb8
45.Nf3 Kc8 46.Rg1 Kb8 47.Kc2 Kc8 48.Bc3 Kb8 49.Rd1 Kc8 50.Qg1 Nd7 51.Kb2 Bf7
52.Rc1 Ne8 53.Be1 Nc7 54.Bh4 Qf8 55.Qe1 Na6 56.Qc3 Bg8 57.Bd1 Kc7 58.Ra1 Kb7
59.Bc2 Qa8 60.Rg1 Nc7 61.Bb3 Qf8 62.Nd4 Qh6 63.Qe1 Ra8 64.Rh1 Na6 65.Be7 Qg7
66.Bd6 Bf7 67.Bc2 Qh6 68.Bd3 Nc7 69.Qf1 Nb8 70.Bc2 Qh4 71.Qg2 Qh6 72.Rf1 Nd7
73.Nb3 Nb8 74.Na5+ Kc8 75.Rd1 Ra7 76.Kb3 Kd7 77.Qg3 Nba6 78.Bd3 Ne8 79.Be2 Nec7
80.Bf3 Ne8 81.Ra1 Nac7 82.Ra2 Ra6 83.Rh2 Ra7 84.h4 Nxd6 85.cxd6 Na6 86.Rc2 Qf8
87.Nxc6 Nxb4 88.Nxb4 Qa8 89.Be2 Ra3+ 90.Kb2 Rb3+ 91.Kxb3 Qa4+ 92.Kb2 Qxb4+
93.Kc1 Qa3+ 94.Kd2 Qa5+ 95.Kd1 b4 96.Qe1 Qa1+ 97.Kd2 Qa5 98.Rc7+ Kd8 99.Qc1 b3+
100.Kd1  1-0